Tacuba, el agua y el país

En el artículo se expone la situación de un grupo de comunidades del municipio de Tacuba, Auchapán, los cuales lograron reunir el dinero para obtener agua potable, así como de la corrupción de Carlos Augusto Perla quien mediante la corrupción impidió que comunidades como Tacuba tuvieran el servicio...

Fuld beskrivelse

Guardado en:
Bibliografiske detaljer
Format: Texto
Fag:
Tags: Tilføj Tag
Ingen Tags, Vær først til at tagge denne postø!

MARC

LEADER 00000 a a2200000 04500
001 6830
003
040
245 |a Tacuba, el agua y el país  
520 |a En el artículo se expone la situación de un grupo de comunidades del municipio de Tacuba, Auchapán, los cuales lograron reunir el dinero para obtener agua potable, así como de la corrupción de Carlos Augusto Perla quien mediante la corrupción impidió que comunidades como Tacuba tuvieran el servicio  
650 |a AGUA POTABLE  
650 |a POBREZA  
650 |a CORRUPCION  
650 |a DERECHOS HUMANOS  
650 |a EL SALVADOR  
773 |g volumen 28, número 1251; páginas 12-13  
999 |c 27856  |d 27856